Countries that love Israel - Statistics

General Stats
  • This quiz has been taken 82 times
  • The average score is 7 of 10
Answer Stats
Hint Answer % Correct
1 USA
100%
3 UK
90%
6 Germany
87%
4 France
86%
10 Canada
80%
2 India
55%
9 Australia
54%
8 Poland
54%
7 Netherlands
48%
5 Sweden
35%
No matching quizzes found
Score Distribution
Percent of People with Each Score
Percentile by Number Answered
Your Score History
You have not taken this quiz